The Last of Us Part II - Characters by picture - Statistics

General Stats
  • This quiz has been taken 524 times
  • The average score is 16 of 29
Answer Stats
Picture Answer % Correct
Ellie Williams
99%
Joel Miller
99%
Abby Anderson
98%
Dina
97%
Tommy Miller
97%
Jesse
86%
Lev
84%
JJ
83%
Owen Moore
80%
Mel
77%
Maria Miller
72%
Manny Alvarez
69%
Yara
68%
Nora Harris
67%
Isaac Dixon
62%
Marlene
59%
Seth
44%
Jerry Anderson
42%
Jordan
36%
Gustavo Santaolalla
31%
Large rattler
23%
Rattler prisoner
14%
Seraphite Emily
12%
Nick
11%
Seraphite Brute (Female)
11%
Seraphite Brute (female)
11%
Small Rattler
11%
Mike
10%
Whitney Sato
10%
No matching quizzes found
Score Distribution
Percent of People with Each Score
Percentile by Number Answered
Your Score History
You have not taken this quiz